[Event "2015  Server Team - Div 3, S53999"]
[Site "CCLA"]
[Date "2015.10.30"]
[Round "?"]
[White "Woodhouse, Stephen"]
[Black "Stevenson, Wayne"]
[Result "0-1"]
[WhiteElo "1683"]
[BlackElo "1702"]
[Board "4"]
[WhiteTeam "BCCA Bishops"]
[BlackTeam "Idaho Mountaineers"]

1. e4 e6 2. d4 d5 3. Nd2 c5 4. exd5 Qxd5 5. Ngf3 cxd4 6. Bc4 Qd6 7. O-O 
Nf6 8. Nb3 Nc6 9. Nbxd4 Nxd4 10. Nxd4 a6 11. Re1 Qc7 12. Bb3 Bd6 13. h3 
O-O 14. Bg5 Bh2+ 15. Kh1 Be5 16. c3 h6 17. Be3 Rd8 18. Qe2 b5 19. Rad1 Bb7
20. f3 Bg3 21. Bf2 Nh5 22. Bxe6 Re8 23. Qc2 fxe6 24. Nxe6 Qf7 25. Nd4 Bf4 
26. Nf5 Rxe1+ 27. Rxe1 Re8 28. Rxe8+ Qxe8 29. Qd3 Qe6 30. Nd4 Qxa2 31. b3 
Qa1+ 32. Bg1 Ng3+ 0-1

[Event "2015 REGULAR QUAD, S50459"]
[Site "CCLA"]
[Date "2015.12.20"]
[Round "?"]
[White "Rodriguez, Armando"]
[Black "Williams, Rufus H."]
[Result "0-1"]
[WhiteElo "1298"]
[BlackElo "1309"]

1. e4 e6 2. d4 d5 3. Nc3 c5 4. Bd3 cxd4 5. Nce2 Nc6 6. Nf3 dxe4 7. Bxe4 
Bb4+ 8. Bd2 Bxd2+ 9. Qxd2 Nge7 10. Nfxd4 O-O 0-1

[Event "2015 REGULAR QUAD, S50459"]
[Site "CCLA"]
[Date "2015.12.20"]
[Round "?"]
[White "Perry, William E."]
[Black "Williams, Rufus H."]
[Result "1-0"]
[WhiteElo "1440"]
[BlackElo "1309"]

1. e4 e6 2. d4 d5 3. Nc3 c5 4. exd5 cxd4 5. Qxd4 Nf6 6. Bb5+ Bd7 7. dxe6 
fxe6 8. Bxd7+ Qxd7 9. Qxd7+ Nbxd7 10. Nf3 Bb4 11. Bd2 O-O 12. O-O Rad8 13.
 a3 Bxc3 14. Bxc3 Rc8 15. Rfe1 Rfe8 16. Re2 h6 17. Rae1 Nc5 18. Nd4 Rcd8 
19. Nxe6 Nxe6 20. Rxe6 Rxe6 21. Rxe6 Rd1+ 22. Re1 Rxe1+ 23. Bxe1 Nd5 24. 
g3 Kf7 25. Kg2 h5 26. Kf3 Ke6 27. Ke4 Nf6+ 28. Kd4 Kd6 29. h3 b5 30. c4 
bxc4 31. Kxc4 Kc6 32. b4 a6 33. f3 g6 34. a4 Kb6 35. Bf2+ Kc6 36. b5+ 
axb5+ 37. axb5+ Kb7 38. b6 Nd7 39. Kd5 Nxb6+ 40. Bxb6 Kxb6 41. Ke6 Kc5 42.
 Kf6 Kd4 43. Kxg6 Ke3 44. Kxh5 Kxf3 45. g4 Kf4 46. g5 Kf5 47. h4 Kf4 48. 
g6 Kf5 49. g7 Ke5 50. g8=Q Kd4 51. Qe8 Kd5 52. Kg5 Kc5 53. Qd7 1-0

[Event "2015 NA Class B Ch Finals, S50189"]
[Site "CCLA"]
[Date "2015.04.27"]
[Round "?"]
[White "Hansen, Michael"]
[Black "Stevenson, Wayne"]
[Result "1-0"]
[WhiteElo "1754"]
[BlackElo "1702"]

1. e4 e6 2. d4 d5 3. Nc3 c5 4. exd5 exd5 5. dxc5 Bxc5 6. Bb5+ Bd7 7. Qxd5 
Qe7+ 8. Be3 Bxe3 9. fxe3 Qxe3+ 10. Nge2 Nc6 11. Qe4+ Qxe4 12. Nxe4 Nh6 13.
 Nd6+ Ke7 14. O-O-O a6 15. Bc4 b5 16. Bxf7 Bg4 17. Bb3 Rhd8 18. Nb7 Rxd1+ 
19. Rxd1 Bxe2 20. Re1 Nd4 21. c3 Rc8 22. Kd2 Nxb3+ 23. axb3 Rc7 24. Rxe2+ 
Kf6 25. Na5 Ng4 26. h3 Ne5 27. b4 Re7 28. Kc2 Kg5 29. Nb3 Kf4 30. Nc5 Kg3 
31. Nxa6 Nc6 32. Rxe7 Nxe7 33. Nc7 Kxg2 34. Nxb5 g5 35. c4 Kxh3 36. Nd4 g4
37. b5 g3 38. Kd3 g2 39. Ne2 h5 40. b6 Nc6 41. b7 Kg4 42. Ke3 Kf5 43. b4 
Ke6 44. b5 Nb8 45. c5 1-0

[Event "2015 REGULAR QUAD, S50049"]
[Site "CCLA"]
[Date "2015.02.20"]
[Round "?"]
[White "Benson, Katie J."]
[Black "Lyons, Brenda M."]
[Result "1/2-1/2"]
[WhiteElo "1199"]
[BlackElo "1221"]

1. d4 d5 2. Nc3 Nc6 3. e4 e6 4. e5 Bb4 5. Nf3 Nge7 6. Bd2 O-O 7. Bb5 Bd7 
8. a3 Bxc3 9. Bxc3 a6 10. Bxc6 Bxc6 11. Bb4 h6 12. O-O b6 13. Bxe7 Qxe7 
14. c3 Bb5 15. Re1 a5 16. b4 axb4 17. axb4 Rxa1 18. Qxa1 Qd8 19. h3 Qa8 
20. Qxa8 Rxa8 21. Nd2 Kf8 22. Nb3 Bc4 23. Ra1 Rxa1+ 24. Nxa1 f5 25. f4 
1/2-1/2

[Event "2015 REGULAR QUAD, S50129"]
[Site "CCLA"]
[Date "2015.03.27"]
[Round "?"]
[White "Wilhite, Timothy"]
[Black "Lines, Daniel"]
[Result "1-0"]
[WhiteElo "1223"]
[BlackElo "1415"]

1. d4 d5 2. Nc3 Nf6 3. Nf3 Nc6 4. e4 e6 5. Bf4 dxe4 6. Be2 exf3 7. Bxf3 
Bd7 8. O-O Bd6 9. d5 Bxf4 10. dxc6 Bxc6 11. Qxd8+ Rxd8 12. Bxc6+ bxc6 13. 
Rfe1 Bd2 14. Re2 Bxc3 15. bxc3 O-O 16. h4 Rd7 17. Rxe6 Rd6 18. Rxd6 cxd6 
19. Re1 Re8 20. Rxe8+ 1-0

[Event "2015 NA Class D Ch Finals, S50469"]
[Site "CCLA"]
[Date "2016.02.18"]
[Round "?"]
[White "Stetson, Micah P."]
[Black "Acebo, Brian"]
[Result "1-0"]
[WhiteElo "1474"]
[BlackElo "1360"]

1. d4 d5 2. Nc3 e6 3. e4 dxe4 4. Nxe4 c6 5. Nf3 Bb4+ 6. Bd2 Bxd2+ 7. Qxd2 
Nf6 8. Bd3 O-O 9. Nxf6+ Qxf6 10. Qg5 Nd7 11. Qxf6 Nxf6 12. Ne5 Nd7 13. f4 
Nxe5 14. fxe5 b6 15. b4 a5 16. b5 cxb5 17. Bxb5 Bb7 18. Kf2 Rfd8 19. c3 
Ba6 20. a4 Bxb5 21. axb5 Rac8 22. Rhc1 Rc7 23. Ra4 Rxd4 24. Rxd4 Kf8 25. 
Rd8+ Ke7 26. Rcd1 g6 27. R1d6 Rb7 28. Rc8 h5 29. Rcc6 1-0

[Event "Winter Series, S50061"]
[Site "CCLA"]
[Date "2015.01.28"]
[Round "?"]
[White "Gunning, Edward E."]
[Black "Perry, William E."]
[Result "0-1"]
[WhiteElo "1439"]
[BlackElo "1440"]

1. d4 e6 2. e4 d5 3. Nc3 dxe4 4. Be3 Nf6 5. g3 Bb4 6. Ne2 O-O 7. Bg2 Bd7 
8. O-O Bc6 9. a3 Bd6 10. Nf4 e5 11. dxe5 Bxe5 12. Qxd8 Rxd8 13. Rad1 Nbd7 
14. Bd2 Nc5 15. b3 a5 16. Be3 Nxb3 17. cxb3 Bxc3 18. Rxd8+ Rxd8 19. h4 b5 
20. f3 exf3 21. Bxf3 Bxf3 22. Rxf3 Bd4 23. Bxd4 Rxd4 24. Kg2 Rd2+ 25. Kh3 
Rc2 26. g4 Kf8 27. g5 Nd7 28. h5 Rc6 29. g6 hxg6 30. Nxg6+ Ke8 31. Re3+ 
Re6 32. Rc3 fxg6 33. Rxc7 Re3+ 0-1

[Event "2015  Server Team - Div 3, S53999"]
[Site "CCLA"]
[Date "2015.10.30"]
[Round "?"]
[White "Stetson, Micah P."]
[Black "Gosling, David C."]
[Result "1-0"]
[WhiteElo "1403"]
[BlackElo "1500"]
[Board "5"]
[WhiteTeam "Canadian Snowbirds"]
[BlackTeam "BCCA Bishops"]

1. d4 d5 2. Nc3 e6 3. e4 dxe4 4. Nxe4 Be7 5. Nf3 h6 6. Bd3 Nf6 7. Nxf6+ 
Bxf6 8. O-O O-O 9. Qe2 Bxd4 10. Qe4 f5 11. Qxd4 Bd7 12. Ne5 Rf6 13. Nxd7 
Nxd7 14. Bf4 a6 15. Rad1 c5 16. Qd6 Qe8 17. Rfe1 Qf7 18. Qc7 Ra7 19. Bc4 
Qe8 20. Qxd7 Qxd7 21. Rxd7 a5 22. Rxe6 Rf8 23. Ra6+ Kh8 24. Rxa7 Re8 25. 
g3 Re1+ 26. Kg2 1-0

[Event "2015 REGULAR QUAD, S50369"]
[Site "CCLA"]
[Date "2015.08.11"]
[Round "?"]
[White "Evans, Stanley W."]
[Black "Graupera, Carlos"]
[Result "1-0"]
[WhiteElo "1834"]
[BlackElo "1466"]

1. e4 e6 2. d4 d5 3. Nc3 dxe4 4. Nxe4 Nd7 5. Nf3 Ngf6 6. Bd3 Nxe4 7. Bxe4 
Nf6 8. Bg5 Be7 9. Bxf6 Bxf6 10. Qd3 h6 11. O-O-O O-O 12. Ne5 c5 13. dxc5 
Qa5 14. f4 Qxa2 15. c3 a5 16. Qb5 a4 17. Bb1 Qb3 18. Qd3 a3 19. Qh7# 1-0

[Event "Winter Series, S50021"]
[Site "CCLA"]
[Date "2015.01.28"]
[Round "?"]
[White "Evans, Stanley W."]
[Black "Shannon, Paul D."]
[Result "1/2-1/2"]
[WhiteElo "1855"]
[BlackElo "1815"]

1. e4 e6 2. d4 d5 3. Nd2 dxe4 4. Nxe4 Nd7 5. Nf3 Ngf6 6. Bd3 c5 7. O-O 
cxd4 8. Nxd4 Be7 9. Re1 O-O 10. c3 a6 11. Qf3 Nc5 12. Nxf6+ Bxf6 13. Bxh7+
Kxh7 14. Qh5+ Kg8 15. Qxc5 Bxd4 16. cxd4 b6 17. Qe5 Bb7 18. Bf4 Qd5 19. 
Qxd5 Bxd5 20. a3 Rac8 21. Rac1 1/2-1/2

[Event "2015 NA Class C Ch - Rd 1 Sect 2, S50101"]
[Site "CCLA"]
[Date "2015.04.27"]
[Round "?"]
[White "Klimushyn, Charles"]
[Black "Perry, William E."]
[Result "0-1"]
[WhiteElo "1156"]
[BlackElo "1442"]

1. e4 e6 2. d4 d5 3. Nc3 dxe4 4. Nxe4 Nd7 5. Nf3 Ngf6 6. Bd3 c5 7. O-O 
Nxe4 8. Bxe4 Nf6 9. Bg5 cxd4 10. Nxd4 Be7 11. Bf3 O-O 12. Re1 Qb6 13. Nb3 
Rd8 14. Qe2 Bd7 15. Bd2 Bb4 16. c3 Bd6 17. c4 a5 18. Bxa5 Rxa5 19. Nxa5 
Qxa5 20. Bxb7 Qc7 21. Bf3 Bxh2+ 22. Kh1 Bd6 23. a3 Ba4 24. b4 Be7 25. g3 
Rd4 26. c5 g6 27. Kg2 Nd5 0-1

[Event "2015 Server Team Ch - Div 2"]
[Site "CCLA"]
[Date "2015.10.30"]
[Round "?"]
[White "Carter, Maurice H."]
[Black "Disque, Philip"]
[Result "1-0"]
[WhiteElo "1968"]
[BlackElo "1668"]
[Board "5"]
[WhiteTeam "Chairmen of the Board"]
[BlackTeam "Big Red Fuzzy"]

1. d4 e6 2. e4 d5 3. Nd2 dxe4 4. Nxe4 Nd7 5. Bd3 Ngf6 6. Nf3 c5 7. O-O 
Nxe4 8. Bxe4 Nf6 9. Qe2 Qb6 10. dxc5 Bxc5 11. Bd3 a6 12. b3 Bd4 13. Nxd4 
Qxd4 14. Ba3 Bd7 15. c4 Bc6 16. Rad1 Qh4 17. Bb1 Qg5 18. f4 Qg4 19. Qd2 
Qh5 20. Qd6 1-0

[Event "2015 Server Team Ch - Div 1, S51999"]
[Site "CCLA"]
[Date "2015.10.30"]
[Round "?"]
[White "Beckett, Phillip J."]
[Black "Pedersen, Roger"]
[Result "1/2-1/2"]
[WhiteElo "1960"]
[BlackElo "1926"]
[Board "6"]
[WhiteTeam "SchemingMind B"]
[BlackTeam "Paul Morphy's Hair"]

1. e4 e6 2. d4 d5 3. Nd2 dxe4 4. Nxe4 Nd7 5. Nf3 Ngf6 6. Nxf6+ Nxf6 7. Bd3
Be7 8. Bg5 O-O 9. Qe2 h6 10. Bh4 c5 11. dxc5 Qa5+ 12. c3 Qxc5 13. O-O Bd7 
14. Ne5 Rfd8 15. Rfe1 Bc6 16. Rad1 Be8 17. Kh1 Rd5 18. f4 Rad8 19. Bf2 Qc7
20. c4 R5d6 21. Bg3 g6 22. Qe3 b6 23. b3 Nh5 24. Bf2 g5 25. g3 f6 26. c5 
bxc5 27. Nc4 gxf4 28. gxf4 Rd5 29. Bg3 Ng7 30. Bc2 Rd4 31. Kg1 Bc6 32. f5 
e5 33. Qxh6 Ba8 34. Rxd4 Rxd4 35. Nd2 Qa5 36. Ne4 Bxe4 37. Bxe4 Qxa2 38. 
Bf2 Qd2 39. Qxd2 Rxd2 40. Be3 Rd7 41. Kf2 Kh8 42. Ra1 Nh5 43. Bc6 Rc7 44. 
Be8 Nf4 45. Bf7 Nd3+ 46. Kf3 Nb4 47. Rc1 Bf8 48. Bc4 Kh7 49. Rg1 Nc2 50. 
Bc1 Rg7 51. Rxg7+ Kxg7 52. Ke4 Kh7 53. Bd2 Bh6 54. Ba5 Ne3 55. Ba6 Nc2 56.
 Bd8 Kg7 57. Bc4 Ne3 58. Be6 Nf1 59. Be7 Nd2+ 60. Kd3 e4+ 61. Ke2 c4 62. 
bxc4 Nb3 63. c5 Nd4+ 64. Ke1 Bc1 65. Kd1 Be3 66. Ke1 a5 67. Bd7 a4 68. 
Bxa4 Nxf5 69. Bd6 Nxd6 70. cxd6 f5 71. d7 1/2-1/2

[Event "2015 REGULAR QUAD, S50369"]
[Site "CCLA"]
[Date "2015.08.11"]
[Round "?"]
[White "Haase, F. Philip"]
[Black "Graupera, Carlos"]
[Result "1-0"]
[WhiteElo "1813"]
[BlackElo "1466"]

1. e4 e6 2. d4 d5 3. Nc3 dxe4 4. Nxe4 Nd7 5. Nf3 Ngf6 6. Nxf6+ Nxf6 7. Bd3
Bd7 8. O-O Bc6 9. c3 Bxf3 10. Qxf3 c6 11. a4 Qc7 12. Qg3 Qxg3 13. hxg3 c5 
14. Bb5+ Nd7 15. Be3 a6 16. Bxd7+ Kxd7 17. dxc5 Rc8 18. Rfd1+ Ke8 19. b4 
Be7 20. Rd3 f6 21. Rad1 Rd8 22. Rxd8+ Bxd8 23. c6 bxc6 24. Rd6 Kf7 25. 
Rxc6 1-0

[Event "Winter Series, S50011"]
[Site "CCLA"]
[Date "2015.01.28"]
[Round "?"]
[White "Sereni, Vincent T."]
[Black "Owens, Johnny"]
[Result "0-1"]
[WhiteElo "2117"]
[BlackElo "2159"]

1. e4 e6 2. d4 d5 3. Nc3 dxe4 4. Nxe4 Nd7 5. Nf3 Ngf6 6. Nxf6+ Nxf6 7. Bd3
c5 8. Be3 Qc7 9. Qe2 Be7 10. dxc5 O-O 11. Bd4 Bxc5 12. Be5 Qe7 13. O-O Rd8
14. Rad1 Bd7 15. Bc7 Rdc8 16. Bg3 Rd8 17. Ne5 Be8 18. Bh4 Qc7 19. Kh1 Be7 
20. c4 Rac8 21. f4 g6 22. Bg5 Rd4 23. Bc2 Rcd8 24. Rxd4 Rxd4 25. a3 Rd8 
26. b4 Kg7 27. Bh4 a5 28. Qe1 axb4 29. axb4 Ng8 30. Bxe7 Nxe7 31. Qa1 f6 
32. Ng4 Ng8 33. Ne3 h5 34. Kg1 Ne7 35. Qa3 b5 36. c5 Rd4 37. g3 Nc6 38. 
Rb1 e5 39. f5 g5 40. Qc3 Qd7 41. Rb2 Bf7 42. Rb1 Bd5 43. Kf2 g4 44. Kg1 
Bf3 45. Rb3 Ne7 46. Rb2 Nd5 47. Nxd5 Bxd5 48. Rb1 Bb7 49. c6 Bxc6 50. Qc5 
Rd5 51. Qe3 Rd2 52. Qc5 Bf3 53. Qc3 Rg2+ 54. Kf1 Rxh2 55. Re1 h4 56. Bd1 
Bxd1 57. Kg1 Rc2 0-1

[Event "2015 NA Class C Ch Finals, S50409"]
[Site "CCLA"]
[Date "2015.10.13"]
[Round "?"]
[White "Haase, F. Philip"]
[Black "Perry, William E."]
[Result "1-0"]
[WhiteElo "1773"]
[BlackElo "1442"]

1. e4 e6 2. d4 d5 3. Nc3 dxe4 4. Nxe4 Nd7 5. Nf3 Ngf6 6. Nxf6+ Nxf6 7. Bd3
c5 8. Be3 Qc7 9. Qe2 a6 10. O-O b6 11. Rad1 Bb7 12. h3 cxd4 13. Bxd4 Be7 
14. c3 O-O 15. Be5 Qc6 16. Rfe1 Rfd8 17. Qe3 h6 18. Qf4 g5 19. Qg3 Rd7 20.
 h4 Nh5 21. Qh3 f6 22. Be4 Qc8 23. Qxe6+ 1-0

[Event "2015  Server Team - Div 3, S53999"]
[Site "CCLA"]
[Date "2015.10.30"]
[Round "?"]
[White "Vecchio, Ralph"]
[Black "Capuzzi, Gabriele"]
[Result "1/2-1/2"]
[WhiteElo "1845"]
[BlackElo "1615"]
[Board "2"]
[WhiteTeam "Idaho Mountaineers"]
[BlackTeam "Knights of the Square Table"]

1. e4 e6 2. d4 d5 3. Nc3 dxe4 4. Nxe4 Nd7 5. Bd3 Ngf6 6. Nf3 c5 7. Nxf6+ 
Nxf6 8. Be3 Qc7 9. Ne5 a6 10. c3 Bd6 11. Qa4+ Bd7 12. Nxd7 Qxd7 13. Qxd7+ 
Nxd7 14. O-O O-O 15. Rfe1 Rfd8 16. Bg5 Re8 17. Be4 Rab8 18. Rad1 Bf8 19. 
Bf4 e5 20. dxe5 Nxe5 21. Rd5 f6 22. Red1 c4 23. Be3 Ng4 24. Bf4 Ne5 25. 
Bxe5 fxe5 26. Kf1 g6 27. Rd7 b5 28. Bd5+ Kh8 29. Bb7 a5 30. Be4 Re7 31. 
R7d6 b4 32. Rd8 Re8 33. Rxe8 Rxe8 34. Rd5 bxc3 35. bxc3 a4 36. Ra5 a3 37. 
Ra8 Rxa8 38. Bxa8 Bh6 39. Ke2 Kg7 40. Bd5 Kf6 41. Bxc4 Bc1 42. Bd3 h6 43. 
f3 g5 44. c4 Ke6 45. Kd1 Bb2 46. Kc2 Kd6 47. Bf5 Bd4 48. g4 Kc5 49. Kb3 
1/2-1/2

[Event "2015 Server Team Ch - Div 1, S51999"]
[Site "CCLA"]
[Date "2015.10.30"]
[Round "?"]
[White "Ryan, Patrick J."]
[Black "Elburg, John"]
[Result "1-0"]
[WhiteElo "2188"]
[BlackElo "2300"]
[Board "4"]
[WhiteTeam "Paul Morphy's Hair"]
[BlackTeam "SchemingMind A"]

1. Nc3 d5 2. e4 dxe4 3. Nxe4 Nd7 4. d4 Ngf6 5. Nxf6+ Nxf6 6. Nf3 e6 7. Bd3
c5 8. Be3 Qc7 9. Qe2 Be7 10. O-O-O O-O 11. dxc5 Nd5 12. h4 Nxe3 13. Qxe3 
Qxc5 14. Qe4 f5 15. Qe2 Bf6 16. Bc4 Kh8 17. Ng5 h6 18. Kb1 b5 19. Bb3 a5 
20. Qh5 Ra6 21. Qg6 Bxg5 22. hxg5 e5 23. Qh5 a4 24. Bd5 Rd6 25. Bf7 Rxd1+ 
26. Rxd1 Qe7 27. Bg6 Qxg5 28. Qxg5 hxg5 29. Rd5 e4 30. Kc1 g4 31. Rxb5 Be6
32. Re5 Rf6 33. Be8 Bxa2 34. Bxa4 Bf7 35. Rc5 Kg8 36. b4 Kf8 37. Kd2 g6 
38. Rc6 Ke7 39. Rxf6 Kxf6 40. Bc6 Ke7 41. g3 Kd6 42. b5 Kc5 43. Ke3 g5 44.
 Bd7 Bg6 45. c3 Kd6 46. Bc6 Kc5 47. c4 Bf7 48. Bd7 Bg6 49. Be6 Bh7 50. Bf7
Kb6 51. Kd4 f4 52. Be6 1-0

[Event "2015 Regular Quad, S50019"]
[Site "CCLA"]
[Date "2015.01.16"]
[Round "?"]
[White "Haase, F. Philip"]
[Black "Graupera, Carlos"]
[Result "1-0"]
[WhiteElo "1813"]
[BlackElo "1466"]

1. e4 e6 2. d4 d5 3. Nc3 dxe4 4. Nxe4 Nd7 5. Nf3 Ngf6 6. Nxf6+ Nxf6 7. Bd3
c5 8. dxc5 Bxc5 9. O-O O-O 10. Bg5 b6 11. Qe2 Qc7 12. Rad1 Bb7 13. Bxf6 
gxf6 14. Be4 Rfd8 15. Bxb7 Qxb7 16. c3 Rac8 17. a3 a6 18. Rfe1 Be7 19. Nd4
Rc5 20. f4 f5 21. Qh5 Bf8 22. Qg5+ 1-0

[Event "2015  Server Team - Div 3, S53999"]
[Site "CCLA"]
[Date "2015.10.30"]
[Round "?"]
[White "Gunning, Edward E."]
[Black "Woodhouse, Stephen"]
[Result "0-1"]
[WhiteElo "1439"]
[BlackElo "1683"]
[Board "4"]
[WhiteTeam "Knights of the Square Table"]
[BlackTeam "BCCA Bishops"]

1. e4 e6 2. d4 d5 3. Nc3 Nf6 4. Nf3 dxe4 5. Ne5 Bb4 6. Be2 c5 7. Be3 Nd5 
8. Qd2 Nxe3 9. fxe3 cxd4 10. exd4 Nd7 11. Nxf7 Kxf7 12. O-O+ Nf6 13. a3 
Bxc3 14. Qxc3 Rf8 15. Rad1 Kg8 16. Qh3 e5 17. Qb3+ Nd5 18. Bc4 Be6 19. 
dxe5 Rxf1+ 20. Bxf1 Qb6+ 21. Kh1 Qxb3 22. cxb3 Ne3 23. Re1 Nxf1 24. Rxf1 
Rd8 25. h3 Rd2 26. b4 e3 27. Kh2 Bd5 28. Kg3 Rxg2+ 29. Kf4 Rf2+ 0-1

[Event "2015 Server Team Champ - Div 4, S54999"]
[Site "CCLA"]
[Date "2015.10.28"]
[Round "?"]
[White "Zarges, Ron V."]
[Black "Fritsch, Michael"]
[Result "1-0"]
[WhiteElo "1663"]
[BlackElo "1390"]
[Board "2"]
[WhiteTeam "Norsemen"]
[BlackTeam "Pennsylvania Duck Patrol"]

1. e4 d5 2. exd5 e6 3. d4 Nf6 4. Nc3 Bd7 5. dxe6 Bxe6 6. Nf3 c5 7. Bb5+ 
Nc6 8. Bxc6+ bxc6 9. O-O Ng4 10. Be3 Bd6 11. dxc5 Bc7 12. Qxd8+ Rxd8 13. 
Bd4 O-O 14. h3 Nf6 15. Be5 Nd5 16. Nxd5 Bxe5 17. Ne7+ Kh8 18. Nxe5 Rd5 19.
 Nxd5 Bxd5 20. c4 Be4 21. f3 Bd3 22. Nxd3 Rd8 23. Rad1 Re8 24. Rfe1 Rxe1+ 
25. Rxe1 h5 26. Ne5 f5 27. Nxc6 a5 28. Nd4 Kg8 29. c6 f4 30. c7 Kf7 31. 
c8=Q Kg6 32. Qf5+ Kh6 33. Re6+ g6 34. Qxg6# 1-0

[Event "2015 REGULAR QUAD, S50429"]
[Site "CCLA"]
[Date "2015.11.04"]
[Round "?"]
[White "Bearce, Harold L."]
[Black "Williams, Rufus H."]
[Result "0-1"]
[WhiteElo "1111"]
[BlackElo "1309"]

1. e4 e6 2. d4 d5 3. Nc3 Nf6 4. e5 Nfd7 5. a3 c5 6. Nf3 Nc6 7. Be3 Qb6 8. 
Rb1 Be7 9. Be2 O-O 10. O-O f6 11. Qd2 fxe5 12. dxe5 Ncxe5 13. Nxe5 Nxe5 
14. h3 Bd7 15. g4 Be8 16. Bf4 Bd6 17. Bg3 Bg6 18. Rfe1 Rae8 19. Bf3 Rxf3 
20. Bxe5 Rxh3 21. Kg2 Rh4 22. f3 Rh6 23. Bxd6 Qxd6 24. Qf2 Qh2+ 25. Kf1 
Qxf2+ 0-1

[Event "2015 REGULAR QUAD, S50109"]
[Site "CCLA"]
[Date "2015.03.13"]
[Round "?"]
[White "Gunning, Edward E."]
[Black "Calugaru, Paul C."]
[Result "1-0"]
[WhiteElo "1439"]
[BlackElo "1711"]

1. e4 e6 2. d4 d5 3. Nc3 Nf6 4. e5 Nfd7 5. Bb5 a6 6. Ba4 b5 7. Bb3 c5 8. 
dxc5 Nxe5 9. Be3 Be7 10. Nf3 Nbc6 11. a4 b4 12. Ne2 1-0

[Event "Winter Series, S50041"]
[Site "CCLA"]
[Date "2015.01.28"]
[Round "?"]
[White "Smiley, William R."]
[Black "Graupera, Carlos"]
[Result "1/2-1/2"]
[WhiteElo "1587"]
[BlackElo "1514"]

1. e4 e6 2. d4 d5 3. Nc3 Nf6 4. e5 Nfd7 5. Nf3 c5 6. Bb5 Nc6 7. O-O Be7 8.
 Bxc6 bxc6 9. Re1 cxd4 10. Nxd4 Qc7 11. Nf3 O-O 12. Ne2 Nxe5 13. Nxe5 Qxe5
14. Nd4 Qc7 15. g3 Ba6 16. Qg4 Kh8 17. Bf4 Qb6 18. Nb3 c5 19. Be3 d4 20. 
Nxd4 Rac8 21. Nb3 Bb7 22. f3 Qc6 23. Nd2 Rfd8 24. Qe4 Qxe4 25. Nxe4 Bxe4 
26. fxe4 Bd6 27. Rad1 Be7 28. Rd2 1/2-1/2

[Event "Premier Quad, S50289"]
[Site "CCLA"]
[Date "2015.07.20"]
[Round "?"]
[White "Stevens, Daniel L."]
[Black "Capuzzi, Gabriele"]
[Result "1/2-1/2"]
[WhiteElo "1779"]
[BlackElo "1615"]

1. e4 e6 2. d4 d5 3. Nc3 Nf6 4. e5 Nfd7 5. f4 c5 6. Nf3 Nc6 7. Ne2 cxd4 8.
 Nexd4 Be7 9. c3 Nc5 10. Be3 O-O 11. Be2 Nxd4 12. Nxd4 a6 13. O-O Qc7 14. 
c4 dxc4 15. Bxc4 b5 16. Be2 Bb7 17. Rc1 Qd7 18. Nxb5 Qxd1 19. Rfxd1 axb5 
20. Bxc5 Bxc5+ 21. Rxc5 Rxa2 22. Rd2 Ba6 23. Bxb5 Ra5 24. Bxa6 Rxc5 25. b4
Rc1+ 26. Kf2 h6 27. Rb2 Rb8 28. Bd3 Rc3 29. Ke2 Kf8 30. b5 Ke7 31. b6 Kd7 
32. Bb5+ Ke7 33. Kd2 Rcc8 34. Be2 Kd8 35. Bf3 g5 36. fxg5 hxg5 37. Rb5 Kd7
38. h3 Rc4 39. Ke2 Ra4 40. Kf2 Ra2+ 41. Kg3 Ra4 42. b7 Rc4 43. Kf2 Rc2+ 
44. Ke3 Rc4 45. Kd3 1/2-1/2

[Event "2015 Server Team Ch - Div 1, S51999"]
[Site "CCLA"]
[Date "2015.10.30"]
[Round "?"]
[White "Sherwood, Alexander"]
[Black "Batchelor, Paul A."]
[Result "1/2-1/2"]
[WhiteElo "2140"]
[BlackElo "2216"]
[Board "3"]
[WhiteTeam "BCCA Rooks"]
[BlackTeam "BCCA Kings"]

1. e4 e6 2. d4 d5 3. Nc3 Nf6 4. e5 Nfd7 5. f4 c5 6. Nf3 Nc6 7. Be3 Be7 8. 
a3 O-O 9. dxc5 Bxc5 10. Bxc5 Nxc5 11. b4 Nd7 12. Bd3 f6 13. O-O a5 14. b5 
Ne7 15. exf6 Rxf6 16. Na4 Qc7 17. g3 e5 1/2-1/2

[Event "Premier Quad, S50399"]
[Site "CCLA"]
[Date "2015.10.03"]
[Round "?"]
[White "Ramsden, Jim E."]
[Black "Quirk, Michael"]
[Result "0-1"]
[WhiteElo "1789"]
[BlackElo "2132"]

1. e4 e6 2. d4 d5 3. Nc3 Nf6 4. e5 Nfd7 5. f4 c5 6. Nf3 Nc6 7. Be3 Be7 8. 
Ne2 Qb6 9. Qc1 f6 10. dxc5 Bxc5 11. Bxc5 Nxc5 12. Ned4 fxe5 13. fxe5 O-O 
14. Bb5 Rxf3 15. Bxc6 Qb4+ 16. Qd2 Qxb2 17. Bxd5 Qxa1+ 18. Ke2 Qxh1 19. 
Bxf3 Qxh2 20. Qg5 Bd7 21. Bh5 Ne4 0-1

[Event "Premier Quad, S50289"]
[Site "CCLA"]
[Date "2015.07.20"]
[Round "?"]
[White "Evans, Stanley W."]
[Black "Capuzzi, Gabriele"]
[Result "1-0"]
[WhiteElo "1834"]
[BlackElo "1615"]

1. e4 e6 2. d4 d5 3. Nc3 Nf6 4. e5 Nfd7 5. f4 c5 6. Nf3 Nc6 7. Be3 Qb6 8. 
Na4 Qa5+ 9. c3 cxd4 10. b4 Qc7 11. Nxd4 Nxd4 12. Bxd4 Nb8 13. Bd3 Nc6 14. 
Bf2 Bd7 15. O-O Be7 16. a3 O-O 17. Nc5 a6 18. c4 dxc4 19. Nxd7 Rfd8 20. 
Nb6 Rxd3 21. Nxa8 Qd8 22. Qc2 Qxa8 23. Qxc4 Qd8 24. Kh1 g6 25. Bb6 Qd7 26.
 Qc2 Qd5 27. Rad1 Rxd1 28. Rxd1 Qb5 29. Be3 a5 30. bxa5 Nxa5 31. a4 Qa6 
32. Qc8+ Kg7 33. Rd7 Qf1+ 34. Bg1 Nc6 35. Qxb7 Nd8 36. Qc7 1-0

[Event "2015 REGULAR QUAD, S50109"]
[Site "CCLA"]
[Date "2015.03.13"]
[Round "?"]
[White "Luna, Joseph"]
[Black "Calugaru, Paul C."]
[Result "0-1"]
[WhiteElo "1510"]
[BlackElo "1711"]

1. e4 e6 2. d4 d5 3. Nc3 Nf6 4. e5 Nfd7 5. f4 c5 6. Nf3 Nc6 7. Be3 Be7 8. 
Be2 cxd4 9. Nxd4 a6 10. O-O Nxd4 11. Bxd4 b5 12. Bd3 Nc5 13. Qg4 g6 14. 
Qg3 Nxd3 15. cxd3 Bd7 16. Qf2 Rb8 17. Nxd5 exd5 18. e6 f6 19. exd7+ Qxd7 
0-1

[Event "2015 Server Team Ch - Div 1, S51999"]
[Site "CCLA"]
[Date "2015.10.30"]
[Round "?"]
[White "Edwards, K. E. D. G."]
[Black "Glanville, Colin M."]
[Result "1-0"]
[WhiteElo "2207"]
[BlackElo "2051"]
[Board "4"]
[WhiteTeam "Gustafson Winners"]
[BlackTeam "BCCA Rooks"]

1. e4 e6 2. d4 d5 3. Nc3 Nf6 4. e5 Nfd7 5. f4 c5 6. Nf3 Nc6 7. Be3 a6 8. 
Qd2 Be7 9. a3 O-O 10. dxc5 Nxc5 11. Rd1 Qc7 12. Qf2 Nd7 13. Bd3 h6 14. O-O
b5 15. Ne2 Bb7 16. b4 Rac8 17. Ned4 Nxd4 18. Bxd4 f5 19. exf6 Bxf6 20. Qe3
Bxd4 21. Nxd4 Rf6 22. Nxe6 Qb6 23. Nd4 Nf8 24. Rfe1 Rc7 25. c3 Bc8 26. g3 
Bg4 27. Rd2 Qb7 28. Be2 Bxe2 29. Rdxe2 Qc8 30. Rc1 Qd7 31. Kg2 Kh8 32. Qd3
Qc8 33. Re3 Kg8 34. Rce1 Rd7 35. Re8 Rd8 36. Rxd8 Qxd8 37. Re5 Qa8 38. Qe3
Qc8 39. Rxd5 Qc4 40. Rd8 Qc7 41. Re8 Qc4 42. f5 1-0

[Event "Premier Quad, S50249"]
[Site "CCLA"]
[Date "2015.05.29"]
[Round "?"]
[White "Hansen, Michael"]
[Black "Catania, Duane"]
[Result "0-1"]
[WhiteElo "1754"]
[BlackElo "1684"]

1. e4 e6 2. d4 d5 3. Nc3 Nf6 4. e5 Nfd7 5. f4 c5 6. Nf3 a6 7. Be3 Nc6 8. 
Qd2 b5 9. a3 Bb7 10. Bd3 c4 11. Be2 Be7 12. h4 Nb6 13. g4 Qc7 14. h5 O-O-O
15. h6 g6 16. O-O-O b4 17. axb4 Bxb4 18. Qe1 Na4 19. Bd2 Nxc3 20. Bxc3 Qa5
21. Kb1 Rd7 22. Rh3 Ba8 23. Ng5 Rb7 24. f5 exf5 25. gxf5 gxf5 26. Bh5 Nd8 
27. Bxb4 Rxb4 28. Bxf7 Bc6 29. Qc3 Kb8 30. Qa3 Qb6 31. Ne6 Nxe6 32. Bxe6 
Ka7 33. Bxf5 Rb8 34. b3 Ba4 35. Qb2 Rf8 36. Bxh7 Rf2 37. Qa3 a5 38. Rg1 
cxb3 39. c3 Ra2 40. Rg7+ Ka6 41. Bd3+ Bb5 42. Bf5 Bc6 43. Qc1 b2 44. Qf1+ 
Rc4 45. Kxa2 b1=Q+ 46. Bxb1 Qb5 47. Bc2 Ra4+ 48. Bxa4 Qxf1 49. Rg6 Qxh3 
50. Rxc6+ Kb7 51. Rc5 Qd3 52. Kb2 Qd2+ 53. Bc2 Qxh6 54. Rxa5 Qb6+ 0-1